[Event "17eme open Louviers"]
[Site "?"]
[Date "2013.11.10"]
[Round "4"]
[White "Blondel, Jean-Michel"]
[Black "Normand, Franck"]
[Result "1-0"]
[WhiteElo "1515"]
[BlackElo "1410"]
[PlyCount "71"]
[EventDate "2012.05.13"]
[SourceDate "2013.11.30"]

1. e4 d5 2. exd5 Nf6 3. c4 c6 4. dxc6 Nxc6 5. Nf3 e5 6. d3 Bg4 7. Be2 Bc5 8.
O-O O-O 9. Bg5 Re8 10. Nc3 Qd6 11. Nb5 Qd7 12. Bxf6 gxf6 13. Nc3 Kh8 14. Nd5
Re6 15. Nxe5 Nxe5 16. Bxg4 Nxg4 17. Qxg4 Rg8 18. Nxf6 Rxg4 19. Nxd7 Bd6 20.
Rfe1 Bxh2+ 21. Kxh2 Rh6+ 22. Kg1 Rgh4 23. f3 Rd4 24. Ne5 Kg7 25. Re4 Rdd6 26.
Rg4+ Kf6 27. d4 b6 28. Re4 Kg7 29. Rd1 Rh5 30. g3 Rdh6 31. Rh4 Rxh4 32. gxh4
Rxh4 33. Kg2 Rh5 34. f4 f6 35. Nc6 a5 36. d5 1-0

[Event "17eme open Louviers"]
[Site "?"]
[Date "2013.11.10"]
[Round "4"]
[White "Bekkaye, Mohammed"]
[Black "Colin-Chen, Christine"]
[Result "1-0"]
[WhiteElo "1499"]
[BlackElo "1370"]
[PlyCount "57"]
[EventDate "2012.05.13"]
[SourceDate "2013.11.30"]

1. d4 Nf6 2. Nf3 d5 3. g3 g6 4. Bg2 Bg7 5. O-O O-O 6. c3 Bg4 7. Ne5 Bf5 8. g4
Bxg4 9. f3 Be6 10. Nd2 Nbd7 11. Nd3 Nh5 12. e4 f6 13. Qe2 c5 14. dxc5 Rc8 15.
b4 b6 16. cxb6 Nxb6 17. Nc5 Qd6 18. exd5 Bxd5 19. Re1 e5 20. Nde4 Bxe4 21. Qxe4
Qc6 22. Qc2 Rfd8 23. Be3 Bf8 24. Qb3+ Kg7 25. Ne6+ Kh8 26. Nxd8 Rxd8 27. Rad1
Be7 28. Rxd8+ Bxd8 29. Qf7 1-0

[Event "17eme open Louviers"]
[Site "?"]
[Date "2013.11.10"]
[Round "4"]
[White "Pineau, Patrick"]
[Black "Marie, Isabelle"]
[Result "1-0"]
[WhiteElo "1405"]
[BlackElo "1200"]
[PlyCount "69"]
[EventDate "2012.05.13"]
[SourceDate "2013.11.30"]

1. e4 Nc6 2. Nf3 a6 3. d4 e6 4. Bc4 d5 5. exd5 exd5 6. Be2 Nf6 7. O-O Bf5 8.
Re1 Be7 9. Bg5 h6 10. Bf4 O-O 11. Nbd2 Bd6 12. Bxd6 Qxd6 13. Ne5 Nxd4 14. Bd3
Bxd3 15. Nxd3 Rfe8 16. Nf3 Nxf3+ 17. Qxf3 Rxe1+ 18. Rxe1 Re8 19. Rd1 g5 20. a3
Kg7 21. b4 b6 22. Nc1 g4 23. Qd3 b5 24. Nb3 h5 25. Nd4 Kg8 26. Qd2 Kh8 27. Nf5
Qf8 28. Qc3 Re6 29. Rxd5 Re1+ 30. Qxe1 Nxd5 31. Qe5+ f6 32. Qxd5 Kh7 33. Nh4
Qd6 34. Qf7+ Kh6 35. Qg6# 1-0

[Event "17eme open Louviers"]
[Site "?"]
[Date "2013.11.11"]
[Round "5"]
[White "Tirard, Hugo"]
[Black "Guliyev, Namig"]
[Result "0-1"]
[WhiteElo "2416"]
[BlackElo "2563"]
[PlyCount "70"]
[EventDate "2012.05.13"]
[SourceDate "2013.11.30"]

1. e4 c5 2. Ne2 d6 3. Nbc3 Nf6 4. g3 g6 5. Bg2 Bg7 6. O-O Nc6 7. d3 O-O 8. h3
Rb8 9. f4 Nd7 10. g4 b5 11. g5 b4 12. Nd5 Nd4 13. Ng3 e6 14. Ne3 Bb7 15. a4 Qc7
16. Bd2 Ba8 17. Be1 Rfe8 18. h4 a5 19. h5 d5 20. h6 Bf8 21. c3 bxc3 22. bxc3
Nb3 23. Ra2 c4 24. d4 dxe4 25. Nxe4 f5 26. gxf6 Bxe4 27. f7+ Kxf7 28. Bxe4 Nf6
29. Bb1 Bxh6 30. Ng4 Nxg4 31. Qxg4 Nxd4 32. cxd4 Rxb1 33. Rh2 Bg7 34. Rxh7 c3
35. f5 exf5 0-1

[Event "17eme open Louviers"]
[Site "?"]
[Date "2013.11.10"]
[Round "5"]
[White "Kirszenberg, Marc"]
[Black "Blondel, Jerome"]
[Result "1/2-1/2"]
[WhiteElo "2201"]
[BlackElo "1924"]
[PlyCount "47"]
[EventDate "2012.05.13"]
[SourceDate "2013.11.30"]

1. d4 d5 2. Nf3 Nf6 3. c4 dxc4 4. e3 e6 5. Bxc4 c5 6. O-O a6 7. dxc5 Bxc5 8.
Qxd8+ Kxd8 9. Nc3 b5 10. Be2 Bb7 11. b3 Nc6 12. Bb2 Ke7 13. Rac1 Bd6 14. Ng5
Ne5 15. Rfd1 h6 16. f4 hxg5 17. fxe5 Bxe5 18. Ba3+ Ke8 19. Nxb5 Bxh2+ 20. Kf1
Nd5 21. Kf2 axb5 22. Bxb5+ Kd8 23. Bc5 Rxa2+ 24. Kf3 1/2-1/2

[Event "17eme open Louviers"]
[Site "?"]
[Date "2013.11.10"]
[Round "5"]
[White "Andrieu, Philippe"]
[Black "Chalmeton, Guillaume"]
[Result "0-1"]
[WhiteElo "1891"]
[BlackElo "2050"]
[PlyCount "60"]
[EventDate "2012.05.13"]
[SourceDate "2013.11.30"]

1. c4 e5 2. Nc3 Nf6 3. g3 Bb4 4. Bg2 Nc6 5. e3 Bxc3 6. dxc3 d6 7. Qd3 O-O 8.
Ne2 e4 9. Bxe4 Ne5 10. Qc2 Nxe4 11. Qxe4 Bg4 12. Nd4 Re8 13. Qc2 c5 14. h3 Bd7
15. Nf5 Bc6 16. Rf1 Nf3+ 17. Ke2 Be4 18. Qb3 Nh2 19. Rd1 Bxf5 20. Qxb7 Be4 21.
Rd5 Nf3 22. Qa6 Bxd5 23. cxd5 Qf6 24. Qa4 Ng1+ 25. Kf1 Nxh3 26. f4 Ng5 27. Bd2
Ne4 28. Be1 Qf5 29. Kg2 Qxd5 30. Kg1 Qd3 0-1

[Event "17eme open Louviers"]
[Site "?"]
[Date "2013.11.11"]
[Round "5"]
[White "Khudovekov, Stanislav"]
[Black "Garcia, Adrien"]
[Result "1-0"]
[WhiteElo "2023"]
[BlackElo "1785"]
[PlyCount "109"]
[EventDate "2012.05.13"]
[SourceDate "2013.12.01"]

1. c4 Nf6 2. Nc3 e5 3. g3 d6 4. Bg2 Be7 5. e3 c6 6. Nge2 Be6 7. b3 d5 8. cxd5
cxd5 9. d4 e4 10. O-O O-O 11. Nf4 Bf5 12. f3 Bb4 13. Bd2 Bxc3 14. Bxc3 exf3 15.
Bxf3 Be4 16. Nd3 Nbd7 17. Nc5 Rc8 18. Bb2 Qb6 19. Bxe4 dxe4 20. Nxd7 Nxd7 21.
Rc1 Nf6 22. Qd2 Nd5 23. Ba3 Rfe8 24. Rc4 Qh6 25. Bc1 Rc6 26. Qa5 Nb6 27. Rxc6
Qxc6 28. Bd2 Nc8 29. Rc1 Qe6 30. Qc7 Nd6 31. Qa5 Nc8 32. Qb5 Nd6 33. Qa4 a6 34.
Qa5 Rc8 35. Rxc8+ Qxc8 36. Qc5 Qxc5 37. dxc5 Nb5 38. a4 Na7 39. g4 f5 40. gxf5
Kf7 41. Bc3 Nc6 42. Kf2 g6 43. f6 Ke6 44. Kg3 Nd8 45. Kf4 Kd5 46. Ba5 Ne6+ 47.
Kg4 Kxc5 48. f7 b6 49. Bc3 b5 50. axb5 Kxb5 51. Bg7 h5+ 52. Kg3 Kb4 53. f8=Q+
Nxf8 54. Bxf8+ Kxb3 55. Kf4 1-0

[Event "17eme open Louviers"]
[Site "?"]
[Date "2013.11.11"]
[Round "5"]
[White "Boursier, Xavier"]
[Black "Josse, Sebastien"]
[Result "1-0"]
[WhiteElo "2019"]
[BlackElo "1784"]
[PlyCount "101"]
[EventDate "2012.05.13"]
[SourceDate "2013.12.01"]

1. e4 d5 2. exd5 Qxd5 3. Nc3 Qa5 4. d4 Nf6 5. Bc4 c6 6. Bd2 Bf5 7. Nd5 Qd8 8.
Nxf6+ gxf6 9. Bf4 e6 10. Ne2 Nd7 11. O-O Nb6 12. Bb3 Nd5 13. Bg3 h5 14. c4 Nb4
15. Qd2 Nd3 16. Bc2 Bb4 17. Qe3 Qa5 18. Bxd3 Bd2 19. Qf3 Bg4 20. Qxf6 Rh6 21.
Qe5 Qxe5 22. Bxe5 O-O-O 23. h3 Bxe2 24. Bxe2 f6 25. Bh2 Rxd4 26. Rfd1 c5 27.
Rxd2 Rxd2 28. Bf4 Rxe2 29. Bxh6 Rxb2 30. Bg7 Rc2 31. Bxf6 Rxc4 32. Re1 Kd7 33.
Re2 b5 34. g4 hxg4 35. h4 Rf4 36. Be5 Rf5 37. Kg2 Ke7 38. Kg3 a5 39. Kxg4 c4
40. h5 Kf7 41. f4 b4 42. h6 Kg8 43. Bg7 Rf7 44. Rxe6 Rc7 45. Re8+ Kh7 46. Rh8+
Kg6 47. f5+ Kf7 48. Rf8+ Ke7 49. h7 c3 50. h8=Q c2 51. Bb2 1-0

[Event "17eme open Louviers"]
[Site "?"]
[Date "2013.11.11"]
[Round "5"]
[White "Guillaumat, Jean-Pierre"]
[Black "Burdet, Francois"]
[Result "1-0"]
[WhiteElo "1838"]
[BlackElo "1952"]
[PlyCount "73"]
[EventDate "2012.05.13"]
[SourceDate "2013.12.01"]

1. d4 Nf6 2. Nf3 c5 3. d5 b5 4. a4 b4 5. c4 d6 6. b3 g6 7. Bb2 Bg7 8. Nbd2 Bg4
9. Qc1 O-O 10. e3 Nbd7 11. Bd3 e5 12. dxe6 Bxe6 13. O-O a5 14. h3 d5 15. Ng5
Qe7 16. Ndf3 Nb6 17. Nxe6 fxe6 18. Rd1 Rad8 19. Qc2 dxc4 20. Bxc4 Nfd5 21. Bxg7
Qxg7 22. Rac1 Nxc4 23. Qxc4 Nc3 24. Re1 Qe7 25. h4 Rxf3 26. gxf3 Rd5 27. Rxc3
bxc3 28. Qxc3 Qxh4 29. Kf1 Qb4 30. Qf6 Rh5 31. Qxe6+ Kg7 32. Qe7+ Kh6 33. Qf8+
Kg5 34. Ke2 Rh4 35. Rc1 c4 36. f4+ Kh5 37. Qxb4 1-0

[Event "17eme open Louviers"]
[Site "?"]
[Date "2013.11.11"]
[Round "?"]
[White "Vigneron, Frederic"]
[Black "Rousselin, Marc"]
[Result "0-1"]
[WhiteElo "1910"]
[BlackElo "1628"]
[PlyCount "64"]
[EventDate "2012.05.13"]
[SourceDate "2013.12.01"]

1. d4 d5 2. c4 c6 3. Nc3 dxc4 4. a4 Nf6 5. Nf3 Bf5 6. e3 e6 7. Bxc4 Bb4 8. O-O
O-O 9. Nh4 Bg4 10. f3 Bh5 11. g4 Nd5 12. Ng2 Bg6 13. Bd2 Bd6 14. e4 Nb4 15. Ne2
a5 16. Nef4 Qb6 17. Nxg6 hxg6 18. Be3 Nd7 19. Qd2 Rad8 20. Bg5 Rde8 21. Kh1 Qc7
22. e5 Be7 23. Be3 Nb6 24. b3 N6d5 25. Rac1 Qd7 26. f4 Rd8 27. Qf2 Nxe3 28.
Nxe3 Qxd4 29. Rcd1 Qe4+ 30. Kg1 Rxd1 31. Rxd1 Bc5 32. Re1 Nc2 0-1

[Event "17eme open Louviers"]
[Site "?"]
[Date "2013.11.11"]
[Round "5"]
[White "Duverne, Jean-Marie"]
[Black "Julien, Franck"]
[Result "1-0"]
[WhiteElo "2102"]
[BlackElo "1678"]
[PlyCount "41"]
[EventDate "2012.05.13"]
[SourceDate "2013.12.01"]

1. e4 c5 2. Nf3 Nc6 3. d4 cxd4 4. Nxd4 d6 5. Bc4 Nf6 6. Nc3 a6 7. O-O e6 8. Be3
Be7 9. Bb3 O-O 10. f4 Na5 11. Kh1 Nxb3 12. axb3 Bd7 13. f5 e5 14. Nf3 Bc6 15.
Qd3 Ng4 16. Rad1 Nxe3 17. Qxe3 Qc7 18. Rd3 Rad8 19. Nd2 b5 20. f6 gxf6 21. Qh6
1-0

[Event "17eme open Louviers"]
[Site "?"]
[Date "2013.11.11"]
[Round "5"]
[White "Abdat, Rachid"]
[Black "Naji, Nil"]
[Result "1-0"]
[WhiteElo "1926"]
[BlackElo "1650"]
[PlyCount "105"]
[EventDate "2012.05.13"]
[SourceDate "2013.12.01"]

1. e4 d6 2. d4 Nf6 3. Bd3 Nbd7 4. Nf3 e5 5. c3 Be7 6. O-O c6 7. Re1 O-O 8. Nbd2
a5 9. a4 Qc7 10. Nf1 Rd8 11. Ng3 g6 12. Bg5 exd4 13. cxd4 Nf8 14. Rc1 Bg4 15.
h3 Bxf3 16. Qxf3 Kg7 17. Be3 Ne6 18. d5 Nf8 19. Bd4 N8d7 20. Qd1 Ne5 21. f4
Nxd3 22. Qxd3 Kg8 23. Qc3 Ne8 24. dxc6 Qxc6 25. Qxc6 bxc6 26. Rxc6 Bh4 27. Kh2
Rdb8 28. Rec1 Rb4 29. R1c4 Kf8 30. Bc3 Bxg3+ 31. Kxg3 Rb3 32. Kf3 Ke7 33. Rc8
Ra7 34. Ke3 Kd7 35. Kd2 d5 36. R4c5 Nd6 37. Rxd5 Kxc8 38. Rxd6 Rd7 39. Rxd7
Kxd7 40. Kc2 Rb6 41. Bxa5 Rf6 42. Bd2 Kc6 {(=)} 43. b4 Kb6 44. Be3+ Ka6 45. Kd3
h5 46. g4 Re6 {(=)} 47. gxh5 gxh5 48. f5 Re5 49. Bd4 Re8 50. e5 Rb8 51. Bc5 Rg8
52. e6 fxe6 53. f6 1-0

[Event "17eme open Louviers"]
[Site "?"]
[Date "2013.11.11"]
[Round "5"]
[White "Lerdu, Gaspard"]
[Black "Dunand, Damien"]
[Result "0-1"]
[WhiteElo "1500"]
[BlackElo "1725"]
[PlyCount "92"]
[EventDate "2012.05.13"]
[SourceDate "2013.12.01"]

1. e4 Nf6 2. e5 Nd5 3. d4 Nc6 4. Nf3 d6 5. Bc4 e6 6. O-O Nb6 7. Bd3 Be7 8. Nc3
dxe5 9. dxe5 Nd5 10. Bb5 Qd7 11. Nd4 Nxc3 12. Bxc6 Qxc6 13. Nxc6 Nxd1 14. Nxe7
Kxe7 15. Rxd1 h6 16. b3 Bd7 17. Ba3+ Ke8 18. Rd4 b6 19. Rad1 Rd8 20. Rg4 Rh7
21. Rgd4 c5 22. R4d3 f6 23. Bb2 Ke7 24. exf6+ gxf6 25. Rf3 e5 26. Rfd3 Rhh8 27.
a4 Bf5 28. R3d2 Bxc2 29. Rxd8 Rxd8 30. Rf1 Bxb3 31. a5 b5 32. Bc1 c4 33. Bxh6
Rd1 34. Be3 a6 35. h4 Rxf1+ 36. Kxf1 Bc2 37. Ke2 Ke6 38. Kd2 Bd3 39. g4 e4 40.
h5 b4 41. h6 c3+ 42. Kc1 b3 43. Kd1 b2 44. g5 b1=Q+ 45. Bc1 Qc2+ 46. Ke1 Qxc1#
0-1

[Event "17eme open Louviers"]
[Site "?"]
[Date "2013.11.11"]
[Round "5"]
[White "Ababsa, Tufek"]
[Black "Langlet, Stephanie"]
[Result "1-0"]
[WhiteElo "1722"]
[BlackElo "1590"]
[PlyCount "89"]
[EventDate "2012.05.13"]
[SourceDate "2013.12.01"]

1. e4 e5 2. d4 exd4 3. Qxd4 Nc6 4. Qe3 d6 5. Bd2 Be7 6. Nc3 Nf6 7. h3 Be6 8. f4
g6 9. O-O-O d5 10. exd5 Nxd5 11. Nxd5 Bxd5 12. Kb1 O-O 13. Nf3 Bf6 14. Be2 Re8
15. Qf2 Be4 16. Bc3 Qe7 17. Bxf6 Qxf6 18. Ng5 h6 19. Nxe4 Rxe4 20. Rhf1 Rae8
21. Bd3 Rb4 22. c3 Qxc3 23. Qc2 Qxc2+ 24. Kxc2 Rd4 25. a3 Red8 26. Rf3 Ne7 27.
g4 f5 28. Re1 Nd5 29. gxf5 gxf5 30. Rg3+ Kf7 31. Bxf5 Nxf4 32. Kc3 b5 33. Ree3
c5 34. Kb3 c4+ 35. Ka2 Rd2 36. Rgf3 R2d4 37. Be4 a5 38. Rxf4+ Kg7 39. Rg3+ Kh8
40. Rf6 R4d6 41. Rf7 R6d7 42. Rxd7 Rxd7 43. Rg6 Rh7 44. Rb6 b4 45. Bxh7 1-0

[Event "17eme open Louviers"]
[Site "?"]
[Date "2013.11.11"]
[Round "5"]
[White "Saint-Gilles, Damien"]
[Black "Blondel, Jean-Michel"]
[Result "0-1"]
[WhiteElo "1756"]
[BlackElo "1515"]
[PlyCount "108"]
[EventDate "2012.05.13"]
[SourceDate "2013.12.01"]

1. d4 d5 2. Nf3 e6 3. Nbd2 Nf6 4. e3 Be7 5. Bd3 O-O 6. c3 Nbd7 7. e4 dxe4 8.
Nxe4 Nxe4 9. Bxe4 Nf6 10. Bc2 c5 11. O-O b6 12. Bg5 cxd4 13. Nxd4 Bb7 14. Qd3
Qd5 15. Nf3 Qxd3 16. Bxd3 Bxf3 17. gxf3 Rad8 18. Rad1 Rd5 19. Bh4 Rfd8 20. Bc2
Rd2 {(=)} 21. Bb3 Rxb2 22. Rxd8+ Bxd8 23. Rd1 Be7 24. Kf1 h6 25. Rd4 a5 26. Bc4
g5 27. Bg3 b5 28. Bd3 Rxa2 29. Bxb5 Nh5 30. Be5 f6 31. Bc7 Ng7 32. Bb6 Kf8 33.
Rd7 a4 34. Ra7 a3 35. Ra8+ Kf7 36. Bc4 Ra1+ 37. Ke2 Rc1 38. Kd2 Rb1 39. Be3 Nf5
40. Ra6 Nd6 41. Bd3 Rb2+ 42. Kc1 Nb5 43. Bc4 Nxc3 44. Bxe6+ Kg6 45. Bc4 Na2+
46. Kd1 Rb1+ 47. Ke2 Rb2+ 48. Kd1 Nc3+ 49. Kc1 Bb4 50. Bd4 Ne2+ 51. Bxe2 Rxe2
52. Rxf6+ Kh5 53. Ra6 Rd2 54. Bg7 Rd6 {temps} 0-1

[Event "17eme open Louviers"]
[Site "?"]
[Date "2013.11.11"]
[Round "5"]
[White "Jolly, Arthur"]
[Black "Arinal, Serge"]
[Result "0-1"]
[WhiteElo "1526"]
[BlackElo "1666"]
[PlyCount "78"]
[EventDate "2012.05.13"]
[SourceDate "2013.12.01"]

1. c4 Nf6 2. Nc3 e6 3. g3 Bb4 4. Bg2 c6 5. e3 O-O 6. Nge2 d5 7. Qb3 Na6 8. d4
Ba5 9. cxd5 Nxd5 10. O-O Qb6 11. Qxb6 Bxb6 12. Nxd5 exd5 13. a3 Bf5 14. Nc3
Rfe8 15. Rd1 Bc2 16. Re1 Bxd4 17. Re2 Bd3 18. Rd2 Bxc3 19. Rxd3 Bf6 20. Rb1 Nc5
21. Rd1 Nb3 22. Re1 d4 23. Bf3 d3 24. Rd1 Rad8 25. Bd2 Re6 26. Bc3 Bxc3 27.
bxc3 Nc5 28. Rb4 Red6 29. Be4 d2 30. Bf5 g6 31. Bg4 b6 32. Be2 b5 33. c4 a6 34.
cxb5 cxb5 35. Kf1 Na4 36. Rb3 Rc8 37. Rd3 Rxd3 38. Bxd3 Rc1 39. Be2 Nc3 0-1

[Event "17eme open Louviers"]
[Site "?"]
[Date "2013.11.11"]
[Round "5"]
[White "Le Gallic, Yann"]
[Black "Jolly, Hugo"]
[Result "1/2-1/2"]
[WhiteElo "1619"]
[BlackElo "1550"]
[PlyCount "137"]
[EventDate "2012.05.13"]
[SourceDate "2013.12.01"]

1. e4 c5 2. Nf3 d6 3. d4 cxd4 4. Nxd4 Nf6 5. Nc3 a6 6. Bg5 e6 7. f4 Be7 8. Qf3
Qc7 9. O-O-O Bd7 10. Bd3 Nc6 11. Nb3 O-O 12. Qh3 e5 13. f5 h6 14. Bxf6 Bxf6 15.
Nd5 Bg5+ 16. Kb1 Qd8 17. Qh5 Ne7 18. Nxe7+ Qxe7 19. h4 Bf4 20. Qf3 Bc6 21. g3
Bg5 22. hxg5 Qxg5 23. Qh5 Qxh5 24. Rxh5 d5 25. Nd2 Rad8 26. Kc1 Rd7 27. Rhh1
Rfd8 28. Rhe1 b5 29. exd5 Bxd5 30. b3 f6 31. Be4 Bf7 32. Nf3 Bh5 33. Rxd7 Rxd7
34. Rd1 Rc7 35. Rd3 Kh7 36. Kb2 g6 37. fxg6+ Bxg6 38. Bxg6+ Kxg6 39. Re3 Kf5
40. Nd2 Kg4 41. Kc1 h5 42. Nf1 Rc5 43. Kd2 a5 44. c3 f5 45. Ke2 h4 46. gxh4
Kxh4 47. Kd2 Kg4 48. Nh2+ Kf4 {(=)} 49. Nf3 e4 50. Nd4 Ke5 51. Nf3+ Kf4 52. Ke2
exf3+ 53. Rxf3+ Ke4 54. Re3+ Kf4 55. Rf3+ Ke4 {(=)} 56. Re3+ Kf4 57. Rd3 Re5+
58. Kf2 Rc5 59. Rd4+ Ke5 60. Rd3 Ke4 61. Kg2 Kf4 62. Kf2 Ke4 63. Re3+ Kf4 64.
Rd3 Ke4 65. Re3+ Kf4 66. Rf3+ Ke4 67. Re3+ Kf4 68. Rd3 Ke4 69. Re3+ 1/2-1/2

[Event "17eme open Louviers"]
[Site "?"]
[Date "2013.11.11"]
[Round "5"]
[White "Roche, Jan-Francois"]
[Black "Bailly, Thierry"]
[Result "0-1"]
[WhiteElo "1587"]
[BlackElo "1445"]
[PlyCount "82"]
[EventDate "2012.05.13"]
[SourceDate "2013.12.01"]

1. Nf3 d5 2. b3 Nc6 3. Bb2 Nf6 4. e3 a6 5. Be2 Bf5 6. a3 e6 7. O-O Bd6 8. d3
Ne7 9. Nbd2 Bg6 10. Ne5 c6 11. f4 Nf5 12. Rf3 Bxe5 13. Bxe5 Bh5 14. Rh3 Bg6 15.
e4 Qb6+ 16. Kh1 Ne7 17. exd5 Nexd5 18. Nc4 Qd8 19. Nd6+ Kf8 20. Nxb7 Qb6 21.
Nd6 Nd7 22. Nc4 Qd8 23. Bd6+ Kg8 24. d4 N7b6 25. Nxb6 Nxb6 26. Bc5 Be4 27. Bf3
Bd5 28. c4 Bxf3 29. Qxf3 Rc8 30. Rf1 Nd7 31. Bb4 a5 32. Bc3 Nf6 33. f5 Qe7 34.
Bxa5 h5 35. fxe6 Qxe6 36. Re1 Qg4 37. Qd3 Rh6 38. Rg3 Qh4 39. Bd2 Ng4 40. Rxg4
hxg4 41. Bxh6 Qxe1+ 0-1

[Event "17eme open Louviers"]
[Site "?"]
[Date "2013.11.11"]
[Round "5"]
[White "Voegele, Francois-Marie"]
[Black "Bekkaye, Mohammed"]
[Result "0-1"]
[WhiteElo "1090"]
[BlackElo "1499"]
[PlyCount "60"]
[EventDate "2012.05.13"]
[SourceDate "2013.12.01"]

1. f4 d5 2. Nf3 c5 3. e3 Nc6 4. Be2 Nf6 5. O-O Bf5 6. d3 e6 7. Nc3 Be7 8. Bd2
a6 9. a3 O-O 10. Re1 d4 11. Nb1 Qb6 12. b3 Rac8 13. Bf1 dxe3 14. Rxe3 Ng4 15.
Re1 c4+ 16. Kh1 Nf2+ 17. Kg1 Nxd1+ 18. Kh1 Nf2+ 19. Kg1 Nxd3+ 20. Re3 Nxf4 21.
Ra2 Bc5 22. Kf2 Rcd8 23. Nc3 Rxd2+ 24. Nxd2 Bxe3+ 25. Ke1 Bxd2+ 26. Kxd2 Qf2+
27. Be2 Rd8+ 28. Kc1 Nxe2+ 29. Kb2 Ned4 30. Ra1 Qxc2# 0-1

[Event "17eme open Louviers"]
[Site "?"]
[Date "2013.11.11"]
[Round "5"]
[White "Normand, Franck"]
[Black "Grenet, Dominique"]
[Result "0-1"]
[WhiteElo "1410"]
[BlackElo "1480"]
[PlyCount "134"]
[EventDate "2012.05.13"]
[SourceDate "2013.12.01"]

1. e4 e5 2. Nf3 Nf6 3. Nc3 d6 4. d4 Be7 5. dxe5 dxe5 6. Qxd8+ Bxd8 7. Nxe5 O-O
8. Bd3 Re8 9. Nf3 Bg4 10. Bg5 Nc6 11. h3 Bxf3 12. gxf3 Nd4 13. O-O-O Nxf3 14.
Bxf6 Bxf6 15. Be2 Ng5 16. f3 a5 17. Nd5 Be5 18. Rdf1 Bd6 19. h4 Ne6 20. h5 h6
21. Rhg1 Kf8 22. f4 c6 23. Nb6 Rad8 24. f5 Nd4 25. Bd3 f6 26. Nc4 Bc7 27. Ne3
b5 28. Rd1 Bf4 29. Rge1 a4 30. Kb1 Rb8 31. c3 Nf3 32. Re2 Ne5 33. Nc2 Red8 34.
Nd4 Ke7 35. Bc2 Rbc8 36. Ne6 Rxd1+ 37. Bxd1 Bg5 38. Nxg7 Rd8 39. Bc2 Nc4 40.
Ne6 Rd7 41. Re1 Nd2+ 42. Ka1 Nc4 43. Nd4 Ne5 44. Rd1 Be3 45. Ne6 Rb7 46. Rd8 a3
47. b3 b4 48. Rh8 Rd7 49. Rh7+ Nf7 50. cxb4 Bc1 51. Kb1 Bd2 52. Rg7 Bxb4 53.
Rg8 Nd8 54. Nxd8 Rxd8 55. Rxd8 Kxd8 56. Kc1 Kd7 57. Kd1 Kd6 58. Ke2 Ke5 59. Kf3
Bd6 60. Ke2 Kd4 61. Kf3 Kc3 62. Bd1 c5 63. Be2 Kb2 64. Bc4 Kxa2 65. Ke2 Kb2 66.
b4 cxb4 67. Kd3 b3 0-1

[Event "17eme open Louviers"]
[Site "?"]
[Date "2013.11.11"]
[Round "5"]
[White "Bailly, Yannick"]
[Black "Pineau, Patrick"]
[Result "1-0"]
[WhiteElo "1440"]
[BlackElo "1405"]
[PlyCount "145"]
[EventDate "2012.05.13"]
[SourceDate "2013.12.01"]

1. d4 c5 2. e3 e6 3. Nf3 Nf6 4. c4 g6 5. Nc3 Bg7 6. Be2 d6 7. dxc5 O-O 8. cxd6
Nbd7 9. e4 Qa5 10. Bd2 Ng4 11. Nb5 Qb6 12. O-O a6 13. Nc3 Qxd6 14. h3 Nge5 15.
Qc1 Nxf3+ 16. Bxf3 Ne5 17. Be2 Bd7 18. Rd1 Qe7 19. Bh6 Bf6 20. Bxf8 Rxf8 21.
Qd2 Bg5 22. f4 Nxc4 23. Bxc4 Qc5+ 24. Qd4 Qxd4+ 25. Rxd4 Bxf4 26. Rxd7 b5 27.
Bb3 b4 28. Ne2 Bg5 29. Rad1 Rc8 30. Rb7 a5 31. Ra7 Be3+ 32. Kf1 Bxa7 33. a3 Rc5
34. Rd7 Bb6 35. axb4 axb4 36. Rb7 Ba5 37. Ba4 Kg7 38. b3 Re5 39. Rb5 Rxb5 40.
Bxb5 e5 41. Nc1 f6 42. Nd3 g5 43. g4 Kg6 44. Be8+ Kg7 45. Nc5 Kf8 46. Bc6 Ke7
47. Bd5 h6 48. Ke2 Bb6 49. Na6 Ba5 50. Nb8 Bb6 51. Kd3 Kd6 52. Nc6 Kc5 53. Ne7
Kd6 54. Ng8 f5 55. gxf5 h5 56. f6 Kd7 57. f7 Bc5 58. Nf6+ Ke7 59. Nxh5 Kf8 60.
Nf6 Be7 61. Nd7+ Kg7 62. Kc4 Kg6 63. f8=Q Bxf8 64. Nxf8+ Kh5 65. Be6 Kh4 66.
Bg4 Kg3 67. Kd5 Kf4 68. Nd7 Ke3 69. Kxe5 Kd3 70. Be6 Kc3 71. Kf5 Kd4 72. Kxg5
Kxe4 73. h4 1-0

[Event "17eme open Louviers"]
[Site "?"]
[Date "2013.11.11"]
[Round "5"]
[White "Colin-Chen, Christine"]
[Black "Varigault, Nicole"]
[Result "1-0"]
[WhiteElo "1370"]
[BlackElo "1150"]
[PlyCount "119"]
[EventDate "2012.05.13"]
[SourceDate "2013.12.01"]

1. e4 e5 2. Nf3 Nc6 3. Bb5 Nge7 4. c3 a6 5. Ba4 g6 6. d4 Bg7 7. O-O O-O 8. Bg5
f6 9. Bb3+ Kh8 10. Be3 Na5 11. Nbd2 Nxb3 12. Nxb3 b6 13. Qd2 Bb7 14. dxe5 Bxe4
15. exf6 Rxf6 16. Ng5 Bd5 17. Nd4 c5 18. Ndf3 Bxf3 19. Nxf3 Nf5 20. Bg5 d6 21.
Qd5 Qg8 22. Qxg8+ Kxg8 23. Bxf6 Bxf6 24. Rfe1 Kg7 25. Re2 Ne7 26. Rae1 h6 27.
Rxe7+ Bxe7 28. Rxe7+ Kf6 29. Re2 a5 30. Nd2 b5 31. Ne4+ Ke5 32. Nxc5+ Kd5 33.
Nd3 Rc8 34. f3 Kc4 35. Nf4 g5 36. Re4+ Kc5 37. Nd3+ Kd5 38. Rd4+ Ke6 39. Kf2
Rc4 40. Ke3 d5 41. Rxc4 bxc4 42. Nc5+ Ke5 43. g3 Kf5 44. h3 Ke5 45. f4+ Kf5 46.
g4+ Kf6 47. f5 Ke5 48. Nd7+ Kd6 49. Nf8 Ke5 50. Ng6+ Kf6 51. Kd4 h5 52. Kxd5
Kg7 53. Kxc4 Kf6 54. Kd5 Kf7 55. c4 h4 56. c5 Ke8 57. c6 Kd8 58. Kd6 Kc8 59. f6
Kd8 60. f7 1-0

[Event "17eme open Louviers"]
[Site "?"]
[Date "2013.11.11"]
[Round "6"]
[White "Guliyev, Namig"]
[Black "Chalmeton, Guillaume"]
[Result "1/2-1/2"]
[WhiteElo "2563"]
[BlackElo "2050"]
[PlyCount "40"]
[EventDate "2012.05.13"]
[SourceDate "2013.12.01"]

1. e4 d5 2. exd5 Qxd5 3. Nc3 Qd8 4. Nf3 Nf6 5. d4 a6 6. Bg5 h6 7. Bxf6 exf6 8.
Bd3 Bb4 9. O-O O-O 10. Ne4 Nc6 11. c3 Bd6 12. Re1 Bg4 13. h3 Bh5 14. Ng3 Bxg3
15. fxg3 Qd6 16. g4 Bg6 17. Bxg6 fxg6 18. Qb3+ Kh7 19. Re6 Na5 20. Rxd6 Nxb3 {
(=)} 1/2-1/2

[Event "17eme open Louviers"]
[Site "?"]
[Date "2013.11.11"]
[Round "6"]
[White "Khudovekov, Stanislav"]
[Black "Tirard, Hugo"]
[Result "0-1"]
[WhiteElo "2023"]
[BlackElo "2416"]
[PlyCount "110"]
[EventDate "2012.05.13"]
[SourceDate "2013.12.01"]

1. c4 Nf6 2. g3 g6 3. Bg2 Bg7 4. Nc3 O-O 5. e4 c5 6. Nge2 Nc6 7. O-O Ne8 8. d3
Nc7 9. Be3 Ne6 10. f4 Ned4 11. e5 d6 12. exd6 Qxd6 13. Ne4 Qc7 14. N2c3 b6 15.
Nd5 Qd8 16. Rb1 e6 17. Ndc3 Bb7 18. a3 Qe7 19. g4 Rad8 20. Qd2 f5 21. gxf5 Nxf5
22. Bf2 Ncd4 23. Rbe1 h6 24. Bg3 Rd7 25. Kh1 Rfd8 26. Rd1 Nh4 27. Bxh4 Qxh4 28.
Qf2 Qe7 29. Qg3 Qf7 30. Nf2 Nf5 31. Qh3 Bxg2+ 32. Kxg2 Rd4 33. Nce4 Qb7 34. Kg1
R4d7 35. b4 Bd4 36. Rfe1 Qc7 37. Qf3 Rf7 38. Kh1 Nh4 39. Qh3 Qxf4 40. Ng4 h5
41. Nh6+ Qxh6 42. Qxh4 Rdf8 43. Qg5 Qg7 44. Nd6 Rf4 45. h3 e5 46. bxc5 Bxc5 47.
Ne4 Bd4 48. Kg2 Qf7 49. Kh2 Kg7 50. Re2 Rf3 51. Rg2 Qf4+ 52. Qxf4 exf4 53. Re1
Re8 54. Ng5 Rxh3+ 55. Nxh3 Rxe1 0-1

[Event "17eme open Louviers"]
[Site "?"]
[Date "2013.11.11"]
[Round "6"]
[White "Kirszenberg, Marc"]
[Black "Laumesfeld, Laurent"]
[Result "1-0"]
[WhiteElo "2201"]
[BlackElo "1699"]
[PlyCount "85"]
[EventDate "2012.05.13"]
[SourceDate "2013.12.01"]

1. d4 f5 2. Nf3 Nf6 3. Bf4 d5 4. e3 e6 5. c4 Bd6 6. Ne5 O-O 7. Nc3 Nc6 8. Be2
Bd7 9. O-O Bxe5 10. dxe5 Ne4 11. cxd5 Nxc3 12. bxc3 Ne7 13. c4 c5 14. Bg5 Qe8
15. Bxe7 Qxe7 16. d6 Qh4 17. f4 g5 18. Qe1 Qxe1 19. Raxe1 g4 20. e4 h5 21. Bd3
Kf7 22. Re3 Rab8 23. Rfe1 Rfe8 24. h3 b6 25. Kf2 a6 26. Rh1 Rh8 27. Rc1 Rbc8
28. Be2 Rhd8 29. Rb3 Rc6 30. hxg4 hxg4 31. Rh1 Kg7 32. Rh5 Rh8 33. Rg5+ Kf7 34.
exf5 exf5 35. Bd3 Be6 36. Ra3 a5 37. Bxf5 Bxc4 38. Bxg4 Be6 39. f5 Bd5 40. Rc3
Bxa2 41. e6+ Ke8 42. Bh5+ Rxh5 43. Rg8# 1-0